Statistics for Nicknames Of US Cities

Click here to take the quiz!

General Stats

  • This quiz has been taken 66 times
  • The average score is 17 of 23

Answer Stats

NicknameCity% Correct
The Windy CityChicago
98%
Sin CityLas Vegas
98%
City Of AngelsLos Angeles
98%
The Big AppleNew York
97%
Motor CityDetroit
93%
City By The BaySan Francisco
90%
OKCOklahoma City
89%
The Mile High CityDenver
85%
The City Of Brotherly LovePhiladelphia
84%
The Music CityNashville
80%
The Big EasyNew Orleans
79%
The Alamo CitySan Antonio
79%
BeantownBoston
77%
H-TownHouston
75%
The Big PineappleHonolulu
69%
Home Of The BluesMemphis
67%
Derby CityLouisville
62%
The Emerald CitySeattle
59%
BodymoreBaltimore
51%
The Heart Of AmericaKansas City
43%
The Magic CityMiami
38%
The City Of RosesPortland
34%
America's Finest CitySan Diego
23%

Score Distribution

Percentile by Number Answered

Percent of People with Each Score

Your Score History

You have not taken this quiz